00000000nam##2200000za#4500
0019.616194
003CaOODSP
00520211126112847
007ta
008150406|2002||||xxc|||||     f|0| 0 eng|d
022 |a1192-5434
040 |aCaOODSP|beng
043 |an-cn---
0861 |aFB3-2/102-35E
1102 |aBank of Canada.
24514|aThe impact of common currencies on financial markets : |ba literature review and evidence from the Euro area / |cby Liliane Karlinger.
260 |aOttawa - Ontario : |bBank of Canada |c2002.
300 |av, 39p. : |bgraphs, tables ; |c28 cm.
4901 |aWorking paper|x1192-5434|v2002-35
504 |aBibliography.
546 |aRésumés en français.
563 |aSoftcover
590 |a02-49|b2002-12-06
69007|aEconomic indicators|2gcpds
69007|aInflation|2gcpds
69007|aProductivity|2gcpds
7201 |aKarlinger, Liliane
7760#|tThe impact of common currencies on financial markets : |w(CaOODSP)9.580541
830#0|aWorking paper,|x1192-5434|v2002-35|w(CaOODSP)9.514622